000 00713nam a2200253Ia 4500
003 OSt
005 20220925232819.0
006 a|||||r|||| 00| 0
007 ta
008 220923b |||||||| |||| 00| 0 eng d
037 _cGeneral Book
040 _aRTL
_cRTL
_beng
041 _2eng
_aeng
082 _aB28d, L0
100 _aOden Robert E
_9297775
245 0 _aTables for normal ltelerane limits, sampling plans
260 _aNew York
_bMarcel Dekker
_c1970
300 _aix, 316p
_ccm.
500 _aBibliography: P 303-12
650 _aStatistics
_935791
700 _a Owen D B
_9297776
942 _hB28d, L0
_cGB
_2CC
999 _c592194
_d592194